1662 1676 1755 1042 1100 1974 1694 1495 1138 1552 1546 1689 1324 1281 1734 1162 1203 1528 1842 1194 1032 1171 1009 1123 1336 1771 1501 1135 1864 1101 1172 1994 1100 1334 1091 1883 1696 1851 1721 1853 1650 1939 1084 1976 1490 1545 1339 1038 1059 1381 1902 1275 1318 1302 1099 1096 1780 1900 1108 1811 1952 1261 1895 1731 1673 1106 1375 1171 1507 1734 1629 1356 1865 1272 1131 1571 1440 1374 1132 1289 1215 1379 1778 1284 1023 1892 1848 1061 1505 1686 1416 1719 1089 1191 1196 1027 1877 1002 1957 BCNSPRNW ULIB Ver.6.0+V

เปลี่ยนเป็นภาษาไทย

Change to English
 แสดงรายละเอียดบรรณานุกรม
  กลับหน้าหลัก

Brief Record : Get Marc (ISO 2709) : E-mail record : QR code < ปิดหน้าต่าง
LEADER : 00000nam 2200000 a 4500
001    13399113815
003     ULIB
008    100831s2010 us a 000 0 eng d
020    ^a9780323057462
060 04 ^aWY20.5^bN974
100    ^a LoBiondo-Wood, Geri and Haber, Judith,^eed.
245 00 ^aNursing research :^bmethods and critical appraisal for
250    ^a7th ed. Study Guide
260    ^aSt. Louis :^bMosby Elsevier,^cc2010
300    ^a 164 p. :^bill. ;^c24 cm.
650  2 ^aNursing
650  2 ^aResearch
650  2 ^aEvidence-based nursing
700 1  ^aLoBiondo-Wood, Geri,^eed.
700 1  ^aHaber, Judith,^eed.
945    ^p800^l0^i030891
995    ^a Kesorn
999 ^a ใช้งานได้ทุกระบบ
รายการนี้ยังไม่มีแท็ก
คุณยังไม่ได้ล็อกอิน คุณสามารถมีกิจกรรมร่วมกับเว็บไซต์ได้ แต่ต้องล็อกอินก่อน ::
  ล็อกอิน

รายการสื่อสารสนเทศ

ลำดับที่ ประเภท เลขเรียก/บาร์โค้ด สถานที่ สถานะ
- ไม่พบข้อมูล -

รายการใกล้เคียง
    หัวเรื่อง [Nursing]
    หัวเรื่อง [Research]
    หัวเรื่อง [Evidence-based nursing]

BibComment


ยังไม่เคยถูกคอมเมนท์

คอมเมนท์ทรัพยากรรายการนี้
  คอมเมนท์: Nursing research..


 Copyright 2026. Bcnsprnw @Library